000
00313nac a22001217a 4500
005
20251108175431.0
008
250721s9999 xx 000 0 eng d
100
1
_a
ali, muazzam
_e
Ed.
245
1
0
_a
arts the islamic world /
264
1
_a
london :
_b
islamic arts fondation,
942
_2
ddc
_c
COL
999
_c
133997
_d
133997